| 000 | 00433nam a2200157Ia 4500 | ||
|---|---|---|---|
| 008 | 210210b1974 xxu||||| |||| 00| 0 eng d | ||
| 082 | _a574.192 WEST | ||
| 100 | _aWEST (Edward Staunton) and others. | ||
| 245 | _aTextbook of biochemistry. Ed 4. | ||
| 250 | _a | ||
| 260 |
_aNew Delhi. _bOxford & IBH Publishing Co Pvt Ltd., _c1974 |
||
| 300 | _axiv,1595 | ||
| 650 | _aBiochemistry | ||
| 690 | _aBiochemistry | ||
| 906 | _a057632 | ||
| 999 |
_c104937 _d104937 |
||